000 00583nam a22001937a 4500
999 _c5694
_d5694
003 AR-CdUCM
008 190313b ||||| |||| 00| 0 spa d
040 _aMUNICIPALIDAD PROVINCIAL DEL CUSCO
_cBIBLIOTECA MUNICIPAL DEL CUSCO
082 _a869.56 /
_bF66P
100 _aFlorián, Mario
_914609
245 _aPoesía :
_b1940-1950 /
260 _aLima :
_bTalleres gráficos P. L. Villanueva,
_c1954.
300 _a160 páginas ;
_c21 cm.
500 _aDonación familia Nieto
650 _aPoesías peruanas
_91481
650 _aSiglo XX
_98
942 _2ddc
_cLIBROS
945 _aafb